00338nam a2200133Ia 4500008004100000020001500041041001200056082001600068100001700084245005400101260002500155300000800180650001600188221030s9999 xx 000 0 und d a8120314794 aEnglish a105.23bUff aJ. Uffenbeck 0aMicrocomputers & Microprocessorscby J. Uffenbeck bPHIaNew Delhic1999 a690 aBE Computer